<?xml version="1.0" encoding="UTF-8"?>
<collection xmlns="http://www.loc.gov/MARC21/slim">
 <record>
  <leader>05342nam a2200373 a 4500</leader>
  <controlfield tag="001">kal463</controlfield>
  <controlfield tag="003">Gr-AtHEAL</controlfield>
  <controlfield tag="005">20160422070927.0</controlfield>
  <controlfield tag="006">m        d        </controlfield>
  <controlfield tag="008">160413s2015    gr      s           gre|c</controlfield>
  <datafield tag="020" ind1=" " ind2=" ">
   <subfield code="a">9789606033223</subfield>
  </datafield>
  <datafield tag="040" ind1=" " ind2=" ">
   <subfield code="a">GR-AtHEAL</subfield>
   <subfield code="b">gre</subfield>
   <subfield code="c">GR-AtHEAL</subfield>
  </datafield>
  <datafield tag="082" ind1="0" ind2="4">
   <subfield code="a">547</subfield>
   <subfield code="2">23</subfield>
  </datafield>
  <datafield tag="100" ind1="1" ind2=" ">
   <subfield code="a">Χαμηλάκης, Στυλιανός.</subfield>
   <subfield code="8">1933</subfield>
  </datafield>
  <datafield tag="245" ind1="1" ind2="0">
   <subfield code="a">Οργανική χημεία</subfield>
   <subfield code="h">[Ηλεκτρονικός πόρος] </subfield>
   <subfield code="b">Θεμελειώδεις έννοιες και μηχανισμοί οργανικών αντιδράσεων</subfield>
   <subfield code="c">Χαμηλάκης, Στυλιανός ; Κριτικός αναγνώστης,Λόης, Ευριπίδης ; Γραφιστική επιμέλεια,Χρονοπούλου, Διονυσία ; Γλωσσική επιμέλεια,Ξιφαρά, Φωτεινή.</subfield>
  </datafield>
  <datafield tag="260" ind1=" " ind2=" ">
   <subfield code="a">Αθήνα :</subfield>
   <subfield code="b">Σύνδεσμος Ελληνικών Ακαδημαϊκών Βιβλιοθηκών,</subfield>
   <subfield code="c">c2015.</subfield>
  </datafield>
  <datafield tag="490" ind1=" " ind2=" ">
   <subfield code="a">Ακαδημαϊκά Ηλεκτρονικά Συγγράμματα και Βοηθήματα Κάλλιπος</subfield>
   <subfield code="8">40</subfield>
  </datafield>
  <datafield tag="520" ind1=" " ind2=" ">
   <subfield code="a">Το προτεινόμενο προς έκδοση βιβλίο αποτελεί μια κάπως διαφορετική προσέγγιση των μηχανισμών των αντιδράσεων της Βασικής Οργανικής Χημείας και για το λόγο αυτό αναφέρεται εκτός από τους μηχανισμούς αντιδράσεων ανά λειτουργική ομάδα (π.χ. αντιδράσεις αλκανίων, αλκενίων, αλκοολών κλπ) και σε στοιχειώδεις αντιδράσεις, οι οποίες πραγματοποιούνται ανεξαρτήτως κατηγορίας οργανικών ενώσεων. Η απλή λογική είναι ότι πραγματοποιείται μια χημική αντίδραση και σχηματίζεται ένας ομοιοπολικός δεσμός μεταξύ περιοχών με περίσσεια και περιοχών με έλλειψη αρνητικού φορτίου. Αυτό μπορεί να συμβεί είτε μεταξύ διαφορετικών μορίων είτε μεταξύ τμημάτων του ιδίου μορίου είτε ακόμη και μεταξύ της ένωσης και του μέσου στο οποίο πραγματοποιείται η αντίδραση. Αναφέρονται επίσης οι μηχανισμοί μέσω ελευθέρων ριζών και οι μοριακές αντιδράσεις που υπακούουν στους δικούς τους μηχανισμούς, όλες όμως οι αντιδράσεις κατατείνουν σε καταστάσεις χαμηλότερης ενέργειας. Το βιβλίο χωρίζεται σε δύο μέρη Στο «Μέρος Ι» αναπτύσσονται οι μηχανισμοί των αντιδράσεων χωρίς λεπτομέρειες της θεωρίας, ώστε να αναδεικνύεται η λογική και η αυτονομία των μηχανισμών. Στο «Μέρος ΙΙ» παρέχονται όλες οι απαιτούμενες βασικές γνώσεις ξεκινώντας από το ηλεκτρόνιο, ώστε όποιος δεν έχει εξοικειωθεί με το θέμα να αποκτήσει το απαραίτητο θεωρητικό υπόβαθρο για τη γνωριμία μαζί του. Με τον τρόπο αυτό, ο έμπειρος αναγνώστης μπορεί να διατρέξει τους μηχανισμούς των αντιδράσεων της Βασικής Οργανικής Χημείας σε μερικές δεκάδες σελίδες, ενώ εκείνος που επιθυμεί να ξεκινήσει από την αρχή μπορεί επίσης να το πραγματοποιήσει. Το παρόν βιβλίο θα καταστεί ωφελιμότερο αν η ανάγνωση του συνδυαστεί με βιβλίο κλασικής δομής.</subfield>
  </datafield>
  <datafield tag="650" ind1=" " ind2="0">
   <subfield code="a">Chemistry, Organic</subfield>
   <subfield code="8">2143</subfield>
  </datafield>
  <datafield tag="653" ind1=" " ind2=" ">
   <subfield code="a">Κατάταξη οργανικών ενώσεων</subfield>
  </datafield>
  <datafield tag="653" ind1=" " ind2=" ">
   <subfield code="a">Μεταβλητές αντιδράσεων</subfield>
  </datafield>
  <datafield tag="653" ind1=" " ind2=" ">
   <subfield code="a">Παράγοντες αντιδράσεων</subfield>
  </datafield>
  <datafield tag="653" ind1=" " ind2=" ">
   <subfield code="a">Ρετροσύνθεση</subfield>
  </datafield>
  <datafield tag="653" ind1=" " ind2=" ">
   <subfield code="a">Οργανική σύνθεση</subfield>
  </datafield>
  <datafield tag="653" ind1=" " ind2=" ">
   <subfield code="a">Θερμοδυναμικός και κινητικός έλεγχος αντιδράσεων</subfield>
  </datafield>
  <datafield tag="653" ind1=" " ind2=" ">
   <subfield code="a">Μηχανισμοί οργανικών αντιδράσεων</subfield>
  </datafield>
  <datafield tag="653" ind1=" " ind2=" ">
   <subfield code="a">Θεμελιώδεις έννοιες</subfield>
  </datafield>
  <datafield tag="653" ind1=" " ind2=" ">
   <subfield code="a">Χημεία/γενική χημεία</subfield>
   <subfield code="a">Οργανική χημεία</subfield>
  </datafield>
  <datafield tag="700" ind1="1" ind2=" ">
   <subfield code="a">Λόης, Ευριπίδης</subfield>
   <subfield code="e">Κριτικός αναγνώστης</subfield>
   <subfield code="8">1934</subfield>
  </datafield>
  <datafield tag="856" ind1="4" ind2="0">
   <subfield code="u">http://hdl.handle.net/11419/463</subfield>
   <subfield code="z">Πλήρες Κείμενο - Full text</subfield>
  </datafield>
  <datafield tag="907" ind1=" " ind2=" ">
   <subfield code="a">.b25677810</subfield>
   <subfield code="b">12-06-18</subfield>
   <subfield code="c">29-07-16</subfield>
  </datafield>
  <datafield tag="949" ind1=" " ind2=" ">
   <subfield code="0">0</subfield>
   <subfield code="1">0</subfield>
   <subfield code="2">ddc</subfield>
   <subfield code="4">0</subfield>
   <subfield code="6">547_000000000000000_ΧΑΜ</subfield>
   <subfield code="7">0</subfield>
   <subfield code="8">KALL</subfield>
   <subfield code="8">539</subfield>
   <subfield code="d">2016-04-13</subfield>
   <subfield code="r">2016-04-13</subfield>
   <subfield code="w">2016-04-13</subfield>
   <subfield code="z">547 ΧΑΜ</subfield>
   <subfield code="o">SEAB KALLIPOS</subfield>
  </datafield>
  <datafield tag="998" ind1=" " ind2=" ">
   <subfield code="a">80</subfield>
   <subfield code="a">01</subfield>
   <subfield code="a">02</subfield>
   <subfield code="a">03</subfield>
   <subfield code="a">04</subfield>
   <subfield code="a">05</subfield>
   <subfield code="a">06</subfield>
   <subfield code="a">07</subfield>
   <subfield code="a">08</subfield>
   <subfield code="a">09</subfield>
   <subfield code="a">10</subfield>
   <subfield code="a">11</subfield>
   <subfield code="a">12</subfield>
   <subfield code="a">13</subfield>
   <subfield code="a">14</subfield>
   <subfield code="a">15</subfield>
   <subfield code="a">16</subfield>
   <subfield code="a">17</subfield>
   <subfield code="a">18</subfield>
   <subfield code="a">19</subfield>
   <subfield code="a">20</subfield>
   <subfield code="a">21</subfield>
   <subfield code="a">22</subfield>
   <subfield code="a">23</subfield>
   <subfield code="a">24</subfield>
   <subfield code="a">25</subfield>
   <subfield code="a">26</subfield>
   <subfield code="b">11-05-17</subfield>
   <subfield code="c">m</subfield>
   <subfield code="d">z  </subfield>
   <subfield code="e">-</subfield>
   <subfield code="f">gre</subfield>
   <subfield code="g">gr </subfield>
   <subfield code="h">0</subfield>
  </datafield>
  <datafield tag="942" ind1=" " ind2=" ">
   <subfield code="2">ddc</subfield>
   <subfield code="c">KALLIPOS</subfield>
  </datafield>
 </record>
</collection>
